| 000 | 00588nam a2200193Ia 4500 | ||
|---|---|---|---|
| 008 | 140626s9999 xx 000 0 und d | ||
| 100 | _aJohnson, Scott. | ||
| 245 |
_aBoard composition beyond independence : _b social capital, human capital and demographics / _cScott Johnson ... [et al.]. |
||
| 260 | _cc2013. | ||
| 300 | _a39 : 1, page 232 | ||
| 440 | _aJournal of Management | ||
| 521 | _aBSBA | ||
| 650 | _aBoards of directors. | ||
| 650 | _aDecision making. | ||
| 650 | _aDemographics and composition. | ||
| 650 | _aMacro topics. | ||
| 650 | _aMicro topics. | ||
| 942 | _cSE | ||
| 999 |
_c121010 _d121010 |
||